| 000 | 00370nam a2200145Ia 4500 | ||
|---|---|---|---|
| 008 | 150201s2001 xx 000 0 und d | ||
| 082 |
_a617.525 _bC2001B |
||
| 100 | _aBLOCK, MICHAL S. | ||
| 245 | _aCOLOUR ATLAS OF DENTAL IMPLANT SURGERY | ||
| 250 | _a1ST | ||
| 260 |
_bW.B.SAUNDERS _aPHILADELPHIA _c2001 |
||
| 300 | _a1-202 | ||
| 650 | _aIMPLANTOLOGY | ||
| 942 |
_2ddc _cBK |
||
| 999 |
_c3438 _d3438 |
||